000 00363nam a2200133Ia 4500
005 20250516145653.0
008 250516s9999 xx 000 0 und d
020 _a9780226656731
082 _a302.23
_bSTE
100 _aStewart, Garrett
245 0 _aCinemachines: An Essay On Media And Method
260 _bUniversity of Chicago Press
_c2020
942 _cENGLISH
999 _c571178
_d571178